| 000 | 00000nam##2200000za#4500 |
| 001 | 9.668463 |
| 003 | CaOODSP |
| 005 | 20210615124201 |
| 007 | ta |
| 008 | 150407|2007||||xxc||||| f|0| 0 eng|d |
| 020 | |a978-0-662-49893-3 |
| 040 | |aCaOODSP|beng |
| 041 | |aeng |
| 041 | |afre |
| 043 | |an-cn--- |
| 086 | 1 |aR64-105/74-2007 |
| 110 | 2 |aParks Canada. |
| 245 | 10|aFort Espérance, Fort Pelly, Fort Livingstone National Historic Sites of Canada - management plan |
| 260 | |aWinnipeg - Manitoba : |bParks Canada |cOctober 2007. |
| 300 | |aEnglish text, ii, 30p. : |bmaps, tables, photographs ; |c28 cm. |
| 520 | 3 |aA strategic guide for the future management and conservation of this national historic site. It provides a strategy that follows legislative and policy requirements while addressing local issues and circumstances. The plan includes information about the site’s history and value as a cultural resource; its operating environment and programming; strategies for retaining its integrity; future plans; and an environmental assessment summary. |
| 563 | |aSpiral binding |
| 590 | |a08-17|b2008-04-25 |
| 690 | 07|aHistoric sites|2gcpds |
| 776 | 0#|tFort Espérance, Fort Pelly, Fort Livingstone National Historic Sites of Canada |w(CaOODSP)9.822575 |
| 792 | |tLieux historiques nationaux du Canada du Fort-Espérance, du Fort Pelly et du Fort Livingstone - plan directeur |efre|w(CaOODSP)9.668464 |